| 000 | 01244 a2200241 4500 | ||
|---|---|---|---|
| 001 | 111185 | ||
| 020 | _a9788539503070 | ||
| 020 | _q(broch.) | ||
| 041 | _apor | ||
| 082 | _a028.5 | ||
| 100 | _aGarlando, Luigi. | ||
| 240 | 1 | 0 | _aTítulo original: Gol 3: Inizia il campeonato |
| 300 | _a147p. | ||
| 520 | _aO técnico Gaston Champignon sempre diz que os Cebolinhas devem jogar para se divertir! Mas, para disputar seu primeiro campeonato oficial, Tomi, Dante, João, Becan, Lara, Sara, Alfinete e Ciro sabem que terão que treinar muito se quiserem fazer bonito no torneio. Só que o talento e a união da equipe podem não ser suficientes para garantir a liderança. Essa galera vai ter que superar as provocações dos rivais, o mau tempo, um surto de catapora e até uma desistência! Será que os Cebolinhas estão preparados para tantas emoções? Não perca as surpresas desta história incrível! | ||
| 521 | _aYear 4 | ||
| 697 | _aLiteratura infantojuvenil. | ||
| 856 | _u00001c/00001ccf.jpg | ||
| 040 |
_aBR-BrIDEA _cBR-BrIDEA |
||
| 090 |
_aP Year 4 028 _bGAR |
||
| 245 | 1 | 0 |
_aGol! 3 _bComeça o campeonato _cLuigi Garlando; ilustrações Stefano Turconi |
| 260 |
_aSão Paulo _bFundamento Educacional _c2012 |
||
| 942 | _cBK | ||
| 999 |
_c111185 _d111185 |
||